00640nam a2200229 a 4500001001300000003000900013005001700022008004100039020001000080082001600090100001700106245002300123260004100146300000900187500003500196650001800231700001700249902000800266942000700274952011600281999001300397nice12345678IN_TiNIC20260116011341.0070808s1956 kara grp 000 0 urd  ac10000a297.09bTAH aTaha, Husain aAl-Fitnat-ul-kubra aKarachibIdara-E-Tuloo-E-Islamc1956 a524p aincludes index and biblioraphy aIslam-History1 aTaha, Husain bSRS cBK 001040708StackRoom-aHMIbHMId2010-02-03g100.00l0o297.09 TAHp02112r2010-02-03v100.00w2007-08-08yBK c754d754